000 00753nam a2200205 a 4500
005 20240914063732.0
008 991125s2001 sal 000 0 spa u
020 _a1886938946
035 _aUPN01000141009
049 _aCG
050 4 _aHF1770.5
_bA4.3
245 0 4 _aLas Américas sin barreras :
_bnegociaciones comerciales de acceso a mercados en los años noventa /
_ced. Antoni Estevadeordal.
260 _aWashington :
_bBanco Interamericano de Desarrollo,
_c2001.
300 _a324 p. :
_bcuadros
650 4 _aLIBRE COMERCIO -
_zAMERICA LATINA
_915399
650 0 _aIntegración económica internacional
_92696
651 4 _aAMERICA LATINA -
_xRELACIONES ECONOMICAS EXTRANJERAS
_94000
700 1 _aEstevadeordal, Antoni,
_eed.
905 _aLibro
999 _c113157
_d113157